Advances in visual semiotics: the semiotic Web 1992-93 (Record no. 363718)

MARC details
000 -LEADER
fixed length control field 00577nam a2200193Ia 4500
008 - FIXED-LENGTH DATA ELEMENTS--GENERAL INFORMATION
fixed length control field 191130s1994##################000#0#eng##
020 ## - INTERNATIONAL STANDARD BOOK NUMBER
ISBN 9783110130010
082 ## - DEWEY DECIMAL CLASSIFICATION NUMBER
Classification number 302.2 SEB
100 ## - MAIN ENTRY--AUTHOR NAME
Personal name Sebeok, Thomas A
245 ## - TITLE STATEMENT
Title Advances in visual semiotics: the semiotic Web 1992-93
Statement of responsibility, etc Thomas A. Sebeok
260 ## - PUBLICATION, DISTRIBUTION, ETC. (IMPRINT)
Place of publication Berlin
Name of publisher Mouton de Gruyter
Year of publication 1994
300 ## - PHYSICAL DESCRIPTION
Number of Pages xii, 667 p.20 cm
500 ## - GENERAL NOTE
General note Includes bibliographical references and index
650 ## - SUBJECT ADDED ENTRY--TOPICAL TERM
Topical Term Semiotics
991 ## -
-- 214633
Holdings
Withdrawn status Lost status Damaged status Not for loan Home library Current library Shelving location Date acquired Full call number Accession Number Price effective from Koha item type
        Anna Centenary Library Anna Centenary Library 3RD FLOOR, B WING 17.10.2020 302.2 SEB 389353 17.10.2020 English Books

Find us on the map